Le chant du cygne / (Record no. 166391)

MARC details
000 -LEADER
campo de control de longitud fija 00810nam a22002175i 4500
001 - NÚMERO DE CONTROL
campo de control 166391
003 - IDENTIFICADOR DE NÚMERO DE CONTROL
campo de control ES-MaACL
005 - FECHA Y HORA DE LA ÚLTIMA TRANSACCIÓN
campo de control 20260316165934.0
008 - DATOS DE LONGITUD FIJA--INFORMACIÓN GENERAL
campo de control de longitud fija 050914s1889 fr | |||||||| ||fre d
040 ## - FUENTE DE CATALOGACIÓN
Centro catalogador/agencia de origen CAM
Lengua de catalogación spa
Centro/agencia transcriptor CAM
100 1# - ENTRADA PRINCIPAL--NOMBRE DE PERSONA
Nombre de persona Tolstói, Lev,
Fechas asociadas al nombre 1828-1910
9 (RLIN) 110489
245 13 - MENCIÓN DEL TÍTULO
Título Le chant du cygne /
Mención de responsabilidad, etc. Comte Léon Tolstoï; traduit avec l'autorisatin de l'auteur par E. Halperine-Kaminsky.
250 ## - MENCION DE EDICION
Mención de edición 2e éd.
260 ## - PUBLICACIÓN, DISTRIBUCIÓN, ETC.
Lugar de publicación, distribución, etc. Paris :
Nombre del editor, distribuidor, etc. Perrin et c\pie\s libraires-éditeurs,
Fecha de publicación, distribución, etc. 1889 (
Lugar de fabricación/manufactura Poitiers :
Fabricante Imprimerie Blais, Roy et Cie)
300 ## - DESCRIPCIÓN FÍSICA
Extensión 289 p. ;
Dimensiones 19 cm.
700 1# - ENTRADA AGREGADA--NOMBRE PERSONAL
Nombre de persona Gal'perin-Kaminskij, Il'â Danilovic,
Fechas asociadas al nombre 1858-1936
Término indicativo de función/relación
9 (RLIN) 127773
752 ## - ENTRADA AGREGADA--NOMBRE JERÁRQUICO DEL LUGAR
País o entidad superior Francia -
Ciudad París
852 ## - LOCALIZACIÓN
Ubicación ES-MaACL
Número de control de estantería F-9543
Nota libre -- Enc. hol. conservando la cub. original
Holdings
Estatus retirado Estado de pérdida Estado de daño No para préstamo Colección Biblioteca de origen Biblioteca actual Ubicación en estantería Fecha de adquisición Fuente de adquisición Total de préstamos Signatura topográfica completa Código de barras Visto por última vez Precio de reemplazo Tipo de ítem Koha
        Libros del s. XIX Biblioteca del Ateneo de Madrid Biblioteca del Ateneo de Madrid Sala Pecera Planta 2 17/01/2008     F-9543 1174512 23/02/2023 23/02/2023 Libro impreso antiguo